书目信息 |
| 题名: |
论中国经济50年
|
|
| 作者: | 于光远 主编 | |
| 分册: | ||
| 出版信息: | 南京 江苏人民出版社 1999.09 |
|
| 页数: | 550页 | |
| 开本: | 32开 | |
| 丛书名: | ||
| 单 册: | ||
| 中图分类: | F12 | |
| 科图分类: | ||
| 主题词: | 经济--中国 | |
| 电子资源: | ||
| ISBN: | 7-214-02523-X | |
| 000 | 00546nam0 2200193 45 | |
| 001 | 0010012276 | |
| 005 | 20001001221431.1 | |
| 010 | @a7-214-02523-X@d26.00元 | |
| 100 | @a20001001d1999 km y0chiy0120 ea | |
| 101 | 0 | @achi |
| 105 | @a z 000yy | |
| 200 | 1 | @a论中国经济50年@ALun Zhong Guo Jing Ji 50 Nian@f于光远主编@FYu Guang Yuan Zhu Bian |
| 210 | @a南京@c江苏人民出版社@d1999.09 | |
| 215 | @a550页@d32开 | |
| 606 | 0 | @a经济@x中国 |
| 690 | @aF12@v3 | |
| 701 | 0 | @a于光远@4主编 |
| 801 | @aCN@bPftUser@c20001001 | |
| 905 | @b166359@dF12@eY913@f1 | |
| 论中国经济50年/于光远主编.-南京:江苏人民出版社,1999.09 |
| 550页;32开 |
| ISBN 7-214-02523-X:26.00元 |
| ● |
| 相关链接 |
|
|
|
正题名:论中国经济50年
索取号:F12/Y913
 
预约/预借
| 序号 | 登录号 | 条形码 | 馆藏地/架位号 | 状态 | 备注 |
| 1 | 166359 | 201663592 | 社科库409/409社科库 67排3列3层/ [索取号:F12/Y913] | 在馆 |